000 00905nam a2200277Ia 4500
005 20220316235721.0
008 121119s2000 mx a gr 000 0 spa
020 _a970686024X
041 1 _aspa
082 0 4 _a551.01
_bW35F
100 1 _aWincander, Reed
245 1 0 _aFundamentos de geología
_cReed Wincander y James S. Monroe ; traducción, Enrique Palos
250 _aPrimera edición
300 _axxiv, 445, [30] páginas
_bilustraciones
_c27 cm
650 1 4 _aGeología
_2LEMB
650 1 4 _aGeofísica
_2LEMB
650 1 4 _aTierra (Planeta)
_xHistoria
_2LEMB
700 1 _aMonroe, James S
_933602
700 1 _aPalos, Enrique
_etraductor
_933603
942 _2ddc
_cBK
264 _aMéxico
_bInternational Thomson Editores
_c[2000?]
336 _atexto
_btxt
_2rdacontent
337 _asin mediación
_bn
_2rdamedia
338 _avolumen
_bnc
_2rdacarrier
040 _aCO-BoRNBP
_bspa
_erda
_cCO-BoRNBP
999 _c1929
_d1929